|
|
|
|
| LEADER |
01416nam a22003974a 4500 |
| 001 |
EBC419314 |
| 003 |
MiAaPQ |
| 005 |
20200520144314.0 |
| 006 |
m o d | |
| 007 |
cr cn||||||||| |
| 008 |
080523s2008 enka sb 001 0 eng d |
| 010 |
|
|
|z 2008273849
|
| 020 |
|
|
|z 9781847420268 (hbk.)
|
| 020 |
|
|
|z 1847420265 (hbk.)
|
| 035 |
|
|
|a (MiAaPQ)EBC419314
|
| 035 |
|
|
|a (Au-PeEL)EBL419314
|
| 035 |
|
|
|a (CaPaEBR)ebr10281252
|
| 035 |
|
|
|a (CaONFJC)MIL177325
|
| 035 |
|
|
|a (OCoLC)476249915
|
| 040 |
|
|
|a MiAaPQ
|c MiAaPQ
|d MiAaPQ
|
| 050 |
|
4 |
|a HM786
|b .A53 2008
|
| 082 |
0 |
4 |
|a 302.3/5
|2 22
|
| 100 |
1 |
|
|a Andersen, Niels Akerstrm.
|
| 245 |
1 |
0 |
|a Partnerships
|h [electronic resource] :
|b machines of possibility /
|c Niels Akerstrm Andersen.
|
| 260 |
|
|
|a Bristol, UK :
|b Policy Press,
|c 2008.
|
| 300 |
|
|
|a viii, 165 p. :
|b ill. ;
|c 24 cm.
|
| 504 |
|
|
|a Includes bibliographical references (p. 149-159) and index.
|
| 533 |
|
|
|a Electronic reproduction. Ann Arbor, MI : ProQuest, 2015. Available via World Wide Web. Access may be limited to ProQuest affiliated libraries.
|
| 650 |
|
0 |
|a Organizational sociology.
|
| 650 |
|
0 |
|a Partnership.
|
| 650 |
|
0 |
|a Interorganizational relations.
|
| 650 |
|
0 |
|a Corporate culture.
|
| 650 |
|
0 |
|a Contracts.
|
| 655 |
|
4 |
|a Electronic books.
|
| 710 |
2 |
|
|a ProQuest (Firm)
|
| 856 |
4 |
0 |
|u https://ebookcentral.proquest.com/lib/matrademy/detail.action?docID=419314
|z Click to View
|